Statistics for Vietnam Culture and History by Picture

Click here to take the quiz!

General Stats

  • This quiz has been taken 116 times
  • The average score is 11 of 20

Answer Stats

Answer% Correct
lotus
85%
dong
82%
Ho Chi Minh
82%
pho
79%
Tet holiday
79%
{fish} sauce
66%
{Viet} {Cong}
64%
banh mi
63%
mooncake
62%
pagoda
62%
{ao} {dai}
61%
Hmong
55%
banh chung (sticky rice cake)
49%
{conical} hat
46%
Agent Orange
43%
water puppetry
40%
{Vovinam}
34%
boat people
33%
{Caoda}ism
26%
{Ho} {Chi} {Minh} {Trail}
19%

Score Distribution

Percentile by Number Answered

Percent of People with Each Score

Your Score History

You have not taken this quiz